| 000 | 00458nam a2200181Ia 4500 | ||
|---|---|---|---|
| 001 | 19264 | ||
| 005 | 20260306171731.0 | ||
| 008 | 260306s9999||||xx |||||||||||||| ||und|| | ||
| 041 | _aESP | ||
| 082 |
_a658.816 _bS749 |
||
| 100 |
_aShy, Oz _eAUT |
||
| 245 | 0 |
_aHow to price: _ba guide to pricing techniques and yield management |
|
| 260 | _c2008 | ||
| 300 |
_axiv, 433 páginas : _c25 cm. |
||
| 650 | _aGEN | ||
| 654 | _aCAN | ||
| 942 |
_cLIB _dJUS _fJUS _2ddc _n |
||
| 999 |
_c19264 _d19264 |
||